000 00803nam a2200253Ia 4500
003 OSt
005 20221005104548.0
006 a|||||r|||| 00| 0
007 ta
008 221004b |||||||| |||| 00| 0 hin d
024 _a32313
037 _cTextual
040 _aCRL
_cCRL
_bhin
041 _2hin
_ahin
082 _aO152,3N39,1, M6
100 _aमिश्र, भगवतीशरण
245 0 _aपहला सूरज
246 _aPahalā sūraja
260 _aदिल्ली
_bराजपाल एण्ड सन्ज़ भारत
_c1986
300 _a284पृ.
_ccm.
650 _aहिन्दी उपन्यास
942 _hO152,3N39,1, M6
_cTEXL
_2cc
999 _c1013103
_d1013103